000 002480000a22000970004500
100 1 _aMahecha, Guidoberto
245 1 0 _aLas buenas nuevas de Jesús hoy
300 _aVol. 1, Núm 5 (1989), Páginas 11
773 0 _tImpacto Presbiteriano
942 _cANA
999 _c51127
_d51127